Hệ thống thương mại độc quyền của Tây Ban Nha thời kỳ Hapsburgs (1516-1700) - kết quả và những hạn chế /
Kaydedildi:
| Yazar: | |
|---|---|
| Materyal Türü: | Makale |
| Dil: | Vietnamese |
| Konular: | |
| Etiketler: |
Etiketle
Etiket eklenmemiş, İlk siz ekleyin!
|
| Thư viện lưu trữ: | Thư viện Trường Đại học Đà Lạt |
|---|
| LEADER | 00927nam a2200277 4500 | ||
|---|---|---|---|
| 001 | DLU180183932 | ||
| 005 | ##20180314 | ||
| 040 | # | # | |a DLU |b vie |
| 041 | # | # | |a vie |
| 044 | # | # | |a vn |
| 100 | # | # | |a Phạm Thị Thanh Huyền. |
| 245 | # | # | |a Hệ thống thương mại độc quyền của Tây Ban Nha thời kỳ Hapsburgs (1516-1700) - kết quả và những hạn chế / |c Phạm Thị Thanh Huyền. |
| 653 | # | # | |a Chính sách bảo hộ |
| 653 | # | # | |a Tây Ban Nha |
| 653 | # | # | |a Thương mại độc quyền |
| 653 | # | # | |a Thuộc địa |
| 653 | # | # | |a Vương triều Hapsburgs |
| 773 | # | # | |t Nghiên cứu Châu Âu |g Số 3(186), 2016, tr. 40-51 |
| 920 | # | # | |a Phòng Tạp chí -- Trung tâm Thông tin - Thư viện Trường Đại học Đà Lạt |
| 900 | # | # | |a True |
| 911 | # | # | |a Nguyễn Thị Thu Phương |
| 925 | # | # | |a G |
| 926 | # | # | |a A |
| 927 | # | # | |a BB |
| 980 | # | # | |a Thư viện Trường Đại học Đà Lạt |